| 000 | 00436nam a2200157 a 4500 | ||
|---|---|---|---|
| 005 | 20140412111421.0 | ||
| 008 | 080122s19uu xx 00 eng d | ||
| 020 | _a81-7301-607-0 | ||
| 050 |
_aTR(GS E _bDo71 2006 |
||
| 100 | _aPrakash, Ved | ||
| 245 |
_aDon't say that. vol.8 / _cVed Prakash. |
||
| 260 |
_aIndia : _bDreamland Publications. |
||
| 300 | _a24p. | ||
| 440 | _aCharacter-Building stories for children | ||
| 999 |
_c106046 _d106046 |
||